Porovnanie CAM stratégií pri frézovaní tvarovo zložitých plôch

Guardado en:
Detalles Bibliográficos
Autor principal: Cíbik, Marcel (Autor)
Otros Autores: Šimna, Vladimír (Orientador)
Formato: Manuscrito Libro
Lenguaje:eslovaco
Publicado: 2020
Materias:
Acceso en línea:http://is.stuba.sk/zp/portal_zp.pl?podrobnosti=141520
Etiquetas: Agregar Etiqueta
Sin Etiquetas, Sea el primero en etiquetar este registro!

MARC

LEADER 00000ntm a22000003a 4500
001 stuzp78350
003 SK-STU
005 20200718210816.8
007 ta
008 150427s2015----xo-----f-mn---000-0-slo-d
040 |a STU  |b slo 
041 0 |a slo 
100 1 |a Cíbik, Marcel  |u 063000  |4 aut  |U MTF Materiálovotechnologická fakulta  |T MTF Ústav výrobných technológií  |X 91581  |U M3000  |Y 83  |7 91581 
242 0 1 |a Comparison of the CAM strategies for complex surface milling  |y eng 
245 1 0 |a Porovnanie CAM stratégií pri frézovaní tvarovo zložitých plôch 
260 |c 2020 
650 4 |a CAM  |2 slo 
650 4 |a dokončovacie stratégie  |2 slo 
650 4 |a CAM systémy  |2 slo 
650 4 |a CAM stratégie  |2 slo 
650 4 |a frézovanie  |2 slo 
650 4 |a milling  |2 eng 
650 4 |a CAM  |2 eng 
650 4 |a finishing strategies  |2 eng 
650 4 |a CAM systems  |2 eng 
650 4 |a CAM strategies  |2 eng 
700 1 |a Šimna, Vladimír  |u 063200  |k Z1  |4 ths  |U MTF Ústav výrobných technológií  |T MTF Katedra obrábania a počítačovej podpory technológií  |X 30333  |U M3200  |Y 164  |7 A000030333 
856 4 |u http://is.stuba.sk/zp/portal_zp.pl?podrobnosti=141520 
996 |c M* BP-8789  |l MMSKP  |s P  |a 0  |w stuzp78350_0001